Tvary novej Keynesiánskej Phillipsovej krivky

Modelový prístup k inflácii s náznom nová Keynesiánska Phillipsova krivka. Nová Keynesiánska Phillipsova krivka (NKPK) a produkčná medzera. NKPK a jednotkové mzdové náklady. Hybridná nová Keynesiánska Phillipsova krivka. Hybridná nová Keynesiánska Phillipsova krivka a otvorená ekonomika.

Gespeichert in:
Bibliographische Detailangaben
1. Verfasser: König, Brian, 1983-
Format: Buchkapitel
Sprache:Slowakisch
Schlagworte:
Tags: Tag hinzufügen
Keine Tags, Fügen Sie das erste Tag hinzu!

MARC

LEADER 00000nla$a2200000$$$4500
001 0110369
005 20240502083256.2
041 0 |a slo 
044 |a CZ 
245 1 0 |a Tvary novej Keynesiánskej Phillipsovej krivky  |c Brian König 
520 |a Modelový prístup k inflácii s náznom nová Keynesiánska Phillipsova krivka. Nová Keynesiánska Phillipsova krivka (NKPK) a produkčná medzera. NKPK a jednotkové mzdové náklady. Hybridná nová Keynesiánska Phillipsova krivka. Hybridná nová Keynesiánska Phillipsova krivka a otvorená ekonomika. 
610 2 0 |a modely ekonomicko-matematické 
610 2 0 |a počítače 
610 2 0 |a inflácia 
610 2 0 |a náklady 
610 2 0 |a ceny 
100 1 |a König, Brian, 1983-